[Event "AUS-ch U18"]
[Site "Sandy Bay"]
[Date "2010.01.18"]
[Round "5"]
[White "Chan, Michael"]
[Black "Lai, Gene"]
[Result "1/2-1/2"]
[WhiteElo "1840"]
[BlackElo "1559"]
[PlyCount "77"]
[EventDate "2010.01.14"]
[EventType "swiss"]
[EventRounds "11"]
[EventCountry "AUS"]
[SourceTitle "EXT 2011"]
[Source "ChessBase"]
[SourceDate "2010.11.26"]
[SourceVersion "1"]
[SourceVersionDate "2010.11.26"]
[SourceQuality "1"]

1. d4 Nf6 2. c4 g6 3. Nc3 Bg7 4. e4 d6 5. f3 Nbd7 6. Be3 e5 7. Nge2 c6 8. d5 c5 9. Nc1 a6 10. a4 Ng8 11. a5 f5 12. exf5 gxf5 13. Bd3 e4 14. fxe4 Bxc3+ 15. bxc3 Qe7 16. 0-0 Ngf6 17. Bg5 Rg8 18. Bxf6 Nxf6 19. exf5 Ng4 20. Re1 Ne5 21. Nb3 Qg5 22. Qe2 Kd8 23. Ra2 Re8 24. Nd2 Kc7 25. Rf1 Rg8 26. Ne4 Qh4 27. Nxc5 Ng4 28. h3 Ne5 29. Kh1 Qg3 30. Qe1 dxc5 31. Qb1 Nxd3 32. Qb6+ Kb8 33. d6 Qg7 34. Rd2 Ne5 35. f6 Qd7 36. Qxc5 Nf7 37. Re1 Re8 38. Rxe8 Qxe8 39. Qc7+ 1/2-1/2

[Event "AUS-ch U18"]
[Site "Sandy Bay"]
[Date "2010.01.14"]
[Round "1"]
[White "Lai, Gene"]
[Black "Schon, Eugene"]
[Result "0-1"]
[WhiteElo "1559"]
[BlackElo "2107"]
[PlyCount "90"]
[EventDate "2010.01.14"]
[EventType "swiss"]
[EventRounds "11"]
[EventCountry "AUS"]
[SourceTitle "EXT 2011"]
[Source "ChessBase"]
[SourceDate "2010.11.26"]
[SourceVersion "1"]
[SourceVersionDate "2010.11.26"]
[SourceQuality "1"]

1. e4 c5 2. Nf3 Nc6 3. d4 cxd4 4. Nxd4 Nf6 5. Nc3 e5 6. Ndb5 d6 7. Nd5 Nxd5 8. exd5 Nb8 9. c4 Be7 10. Bd3 0-0 11. 0-0 a6 12. Nc3 f5 13. f3 Nd7 14. Be3 Bg5 15. Bf2 Bh4 16. Be3 f4 17. Bf2 Bxf2+ 18. Rxf2 Nc5 19. Ne4 Nxd3 20. Qxd3 Bf5 21. Re2 Rc8 22. b3 Bg6 23. Rc1 Rf7 24. Rec2 Qb6+ 25. Kf1 Rfc7 26. Re1 Qb4 27. Qc3 Qxc3 28. Rxc3 Bxe4 29. Rxe4 Rc5 30. Rd3 b5 31. cxb5 Rxb5 32. Ra4 Rc1+ 33. Ke2 Rc2+ 34. Kf1 a5 35. Rd1 Rbc5 36. a3 R5c3 37. Rb1 Rd3 38. Rxa5 Rdd2 39. b4 Rf2+ 40. Kg1 Rxg2+ 41. Kh1 Rxh2+ 42. Kg1 e4 43. Re1 e3 44. Ra6 Rcg2+ 45. Kf1 Rg6 0-1

[Event "AUS-ch U18"]
[Site "Adelaide"]
[Date "2009.01.09"]
[Round "8"]
[White "Lai, Gene"]
[Black "Ivancic, Fabian"]
[Result "0-1"]
[WhiteElo "1514"]
[BlackElo "1571"]
[PlyCount "56"]
[EventDate "2009.01.02"]
[EventType "swiss"]
[EventRounds "11"]
[EventCountry "AUS"]
[SourceTitle "CBM 128 Extra"]
[Source "ChessBase"]
[SourceDate "2009.03.05"]
[SourceVersion "2"]
[SourceVersionDate "2009.03.25"]
[SourceQuality "1"]

1. e4 e5 2. Nf3 Nc6 3. Bc4 Nf6 4. d3 Bc5 5. c3 d6 6. h3 h6 7. Nbd2 0-0 8. Nf1 d5 9. exd5 Nxd5 10. Ng3 Kh8 11. 0-0 Nf6 12. Be3 Bxe3 13. fxe3 Qd6 14. Nd2 Na5 15. Nge4 Nxe4 16. Nxe4 Qg6 17. Qf3 Nxc4 18. dxc4 Bxh3 19. Nc5 Bc8 20. Rad1 Bg4 21. Qxb7 Bxd1 22. Rxd1 Rab8 23. Qf3 Rxb2 24. Nd3 e4 25. Qf1 exd3 26. Rxd3 Rxg2+ 27. Qxg2 Qxd3 28. Qg3 Qg6 0-1

[Event "AUS-ch U18"]
[Site "Adelaide"]
[Date "2009.01.06"]
[Round "5"]
[White "Williams, William"]
[Black "Lai, Gene"]
[Result "0-1"]
[WhiteElo "1051"]
[BlackElo "1514"]
[PlyCount "58"]
[EventDate "2009.01.02"]
[EventType "swiss"]
[EventRounds "11"]
[EventCountry "AUS"]
[SourceTitle "CBM 128 Extra"]
[Source "ChessBase"]
[SourceDate "2009.03.05"]
[SourceVersion "2"]
[SourceVersionDate "2009.03.25"]
[SourceQuality "1"]

1. d4 Nf6 2. Nf3 g6 3. Bg5 Bg7 4. e3 0-0 5. Nbd2 d6 6. Bd3 Nbd7 7. c4 h6 8. Bh4 a6 9. Rc1 c5 10. 0-0 b6 11. Qc2 cxd4 12. Nxd4 Ne5 13. N2f3 Nxd3 14. Qxd3 e5 15. Bxf6 Qxf6 16. Qe4 Rb8 17. Ne2 Bb7 18. Qg4 Qe7 19. Rfd1 h5 20. Qg3 e4 21. Nfd4 h4 22. Qf4 Kh7 23. Rc2 Be5 24. Qg4 Bc8 25. Qxe4 Bxh2+ 26. Kxh2 Qxe4 27. Nf4 Bb7 28. Rdd2 g5 29. f3 Qe5 0-1

[Event "AUS-ch U18"]
[Site "Adelaide"]
[Date "2009.01.03"]
[Round "2"]
[White "Lai, Gene"]
[Black "Tang, Jason"]
[Result "0-1"]
[WhiteElo "1514"]
[BlackElo "1791"]
[PlyCount "98"]
[EventDate "2009.01.02"]
[EventType "swiss"]
[EventRounds "11"]
[EventCountry "AUS"]
[SourceTitle "CBM 128 Extra"]
[Source "ChessBase"]
[SourceDate "2009.03.05"]
[SourceVersion "2"]
[SourceVersionDate "2009.03.25"]
[SourceQuality "1"]

1. e4 e6 2. d4 d5 3. Nc3 Nf6 4. e5 Nfd7 5. f4 c5 6. Nf3 Nc6 7. Be3 a6 8. Qd2 b5 9. g4 cxd4 10. Nxd4 Nxd4 11. Qxd4 Qh4+ 12. Bf2 Qxg4 13. Rg1 Qh5 14. Rg3 Bc5 15. Qd2 Bxf2+ 16. Qxf2 f6 17. Rxg7 fxe5 18. Rg5 Qh6 19. h4 Rf8 20. f5 b4 21. Ne2 Qf6 22. Bh3 e4 23. 0-0-0 Ne5 24. Nd4 h6 25. Rgg1 Bd7 26. Qd2 Nd3+ 27. cxd3 Qxd4 28. dxe4 Qxe4 29. Qd3 Rc8+ 30. Kb1 Qxd3+ 31. Rxd3 exf5 32. Re1+ Kf7 33. Rxd5 Be6 34. Rd6 Rce8 35. b3 a5 36. Ra6 Bc4 37. Ra7+ Kf6 38. Rxe8 Bd3+ 39. Kc1 Rxe8 40. Kd2 Bb1 41. Rxa5 Re5 42. Ra6+ Re6 43. Ra5 Rc6 44. Rb5 Rc2+ 45. Ke1 Rh2 46. Rxb4 Rxh3 47. Rb6+ Ke5 48. Rxh6 Kf4 49. b4 Ke3 0-1